Thúc đẩy xuất khẩu nông sản của Việt Nam sang thị trường Liên minh Châu Âu trong bối cảnh thực hiện hiệp định thương mại tự do Việt Nam - Liên minh Châu Âu (EVFTA) /

সংরক্ষণ করুন:
গ্রন্থ-পঞ্জীর বিবরন
প্রধান লেখক: Phạm Nguyên Minh.
অন্যান্য লেখক: Đinh Công Hoàng.
বিন্যাস: প্রবন্ধ
ভাষা:Vietnamese
বিষয়গুলি:
ট্যাগগুলো: ট্যাগ যুক্ত করুন
কোনো ট্যাগ নেই, প্রথমজন হিসাবে ট্যাগ করুন!
Thư viện lưu trữ: Thư viện Trường Đại học Đà Lạt
LEADER 01101nam a2200301 4500
001 DLU210196711
005 ##20210706
040 # # |a DLU  |b vie 
041 # # |a vie 
044 # # |a vn 
100 # # |a Phạm Nguyên Minh. 
245 # # |a Thúc đẩy xuất khẩu nông sản của Việt Nam sang thị trường Liên minh Châu Âu trong bối cảnh thực hiện hiệp định thương mại tự do Việt Nam - Liên minh Châu Âu (EVFTA) /  |c Phạm Nguyên Minh, Đinh Công Hoàng. 
653 # # |a Doanh nghiệp Việt Nam 
653 # # |a EVFTA 
653 # # |a Nông sản xuất khẩu 
653 # # |a Thị trường EU 
700 # # |a Đinh Công Hoàng. 
773 # # |t Nghiên cứu Châu Âu  |g Số 2(209), 2018, tr. 24-35 
920 # # |a Phòng Tạp chí -- Trung tâm Thông tin - Thư viện Trường Đại học Đà Lạt 
933 # # |a XH 
994 # # |a DLU 
900 # # |a True 
911 # # |a Hoàng Thị Huyền 
925 # # |a G 
926 # # |a A 
927 # # |a BB 
980 # # |a Thư viện Trường Đại học Đà Lạt